[Event "N1F_Ouest_2022"]
[Site "Bordeaux"]
[Date "2022.05.01"]
[Round "3.4"]
[White "Nicolas-Manceau, Maya"]
[Black "Chachiachvili, Mariam"]
[Result "0-1"]
[WhiteElo "1649"]
[BlackElo "1758"]
[Annotator "Jean-Luc"]
[PlyCount "86"]
[EventDate "2022.??.??"]
[WhiteTeam "Echiquier Tourangeau"]
[BlackTeam "USAM Echiquier Brestois"]

1. e4 e5 2. Nf3 Nc6 3. d4 exd4 4. Nxd4 Nf6 5. Nc3 Bb4 6. Nxc6 bxc6 7. Qf3 Qe7
8. Bd2 O-O 9. O-O-O Bxc3 10. Bxc3 Nxe4 11. Re1 Qg5+ 12. Kb1 Nxc3+ 13. Qxc3 Rb8
14. Bd3 Rb6 15. h4 Qf6 16. Qxf6 gxf6 17. Re7 c5 18. Bc4 c6 19. Rhe1 d5 20. Bf1
a6 21. Ra7 c4 22. Ree7 Be6 23. Kc1 Rc8 24. b3 c5 25. Rec7 Rxc7 26. Rxc7 Rb5 27.
Kd2 Ra5 28. a4 cxb3 29. cxb3 c4 30. bxc4 dxc4 31. Bxc4 Rxa4 32. Bd3 a5 33. g3
Ra2+ 34. Ke3 a4 35. Ra7 Ra1 36. Kd2 a3 37. Kc3 a2 38. Kb2 Rd1 39. Be4 Rd2+ 40.
Ka1 Rxf2 41. Ra3 f5 42. Bc6 Rf1+ 43. Kb2 Rb1+ 0-1

[Event "N1F_Ouest_2022"]
[Site "Bordeaux"]
[Date "2022.05.01"]
[Round "3.5"]
[White "Pommereul, Mathilde"]
[Black "Sommer, Hannah"]
[Result "1-0"]
[WhiteElo "1276"]
[BlackElo "1774"]
[Annotator "Jean-Luc"]
[PlyCount "129"]
[EventDate "2022.??.??"]
[WhiteTeam "Union Saint Bruno-Bordeaux Echecs"]
[BlackTeam "Poitiers-Migne Echecs"]

1. e4 c5 2. Nf3 Nc6 3. d4 cxd4 4. Nxd4 Nf6 5. Nc3 e6 6. Be2 Be7 7. Be3 O-O 8.
O-O a6 9. Qd2 Qc7 10. Rad1 d6 11. Nb3 b5 12. a3 Bb7 13. Bf4 Ne5 14. Qe3 Rfd8
15. Bxe5 dxe5 16. Bd3 Rd7 17. Nb1 Rad8 18. N1d2 Nh5 19. Nf3 Nf4 20. Rd2 Nxd3
21. cxd3 Qc8 22. Nxe5 Rc7 23. Rfd1 f6 24. Nf3 e5 25. Nh4 Rc2 26. Nf5 Bf8 27.
Qe2 Rxd2 28. Rxd2 Rd7 29. Rc2 Rc7 30. Rxc7 Qxc7 31. h3 a5 32. d4 exd4 33. Nbxd4
Qc1+ 34. Kh2 Qf4+ 35. Ng3 Qe5 36. Nxb5 Ba6 37. a4 h5 38. Qxh5 Qxb2 39. Qe8 Bxb5
40. Qxb5 Qxb5 41. axb5 Bd6 42. Kg1 a4 43. Ne2 a3 44. Nc1 Kf7 45. f3 Bc5+ 46.
Kf1 Ke6 47. Ke2 Ke5 48. Kd2 Kd4 49. Nb3+ Kc4 50. Kc2 Kxb5 51. Nxc5 Kxc5 52. Kb3
a2 53. Kxa2 Kd4 54. Kb3 Ke3 55. Kc3 Kf2 56. f4 Kxg2 57. e5 fxe5 58. fxe5 Kxh3
59. e6 g5 60. e7 g4 61. e8=Q g3 62. Qh5+ Kg2 63. Kd3 Kf2 64. Qe2+ Kg1 65. Ke3
1-0

[Event "N1F_Ouest_2022"]
[Site "Bordeaux"]
[Date "2022.05.01"]
[Round "3.6"]
[White "Guihal, Nathalie"]
[Black "Pommereul, Emma"]
[Result "1/2-1/2"]
[WhiteElo "1266"]
[BlackElo "1214"]
[Annotator "Jean-Luc"]
[PlyCount "127"]
[EventDate "2022.??.??"]
[WhiteTeam "USAM Echiquier Brestois"]
[BlackTeam "Union Saint Bruno-Bordeaux Echecs"]

1. d4 Nf6 2. Bf4 g6 3. e3 Bg7 4. c3 d6 5. Nf3 Nc6 6. Bd3 O-O 7. Nbd2 Re8 8. O-O
e5 9. Bg5 h6 10. Bxf6 Qxf6 11. Bc4 e4 12. Ne1 Qg5 13. g3 d5 14. Bb5 Bh3 15. Ng2
h5 16. Be2 h4 17. Qe1 hxg3 18. fxg3 Bxg2 19. Kxg2 Qxe3 20. Rf4 Nxd4 21. cxd4
Qxd4 22. Rb1 Bh6 23. Nb3 Qe5 24. Rh4 Bg7 25. Qf2 Re6 26. Nc5 Rf6 27. Qe3 Rc6
28. Bb5 Rd6 29. Nxb7 Rb6 30. Qe2 Rb8 31. Nc5 Rxb5 32. Nb3 c5 33. Qf2 c4 34. Rf1
R8b7 35. Rf4 Qe7 36. Nd4 Rxb2 37. Ne2 Rxa2 38. Qe1 Qe6 39. R1f2 e3 40. R2f3 Ra1
41. Nc1 Rb2+ 42. Kg1 Qh3 43. Qf1 Rg2+ (43... Qxh2#) 44. Qxg2 Rxc1+ 45. Rf1
Rxf1+ 46. Rxf1 Qxg2+ 47. Kxg2 c3 48. Rc1 d4 49. Kf1 a5 50. Ke2 a4 51. Rc2 Bf8
52. Kd3 Bc5 53. h3 Kg7 54. g4 Kf6 55. Ke4 Ke6 56. h4 f5+ 57. gxf5+ gxf5+ 58.
Kd3 Kd5 59. h5 Bf8 60. Ra2 a3 61. Rh2 Bh6 62. Ra2 Bf8 63. Rh2 Bh6 64. Ra2 {(=)}
1/2-1/2

[Event "N1F_Ouest_2022"]
[Site "Bordeaux"]
[Date "2022.05.01"]
[Round "3.7"]
[White "Mata, Maria"]
[Black "Besnard, Sylviane"]
[Result "1-0"]
[WhiteElo "1693"]
[BlackElo "1322"]
[Annotator "Jean-Luc"]
[PlyCount "131"]
[EventDate "2022.??.??"]
[WhiteTeam "AGJA-Echiquier Aquitaine"]
[BlackTeam "Echiquier Tourangeau"]

1. e4 e6 2. d3 d5 3. Nd2 dxe4 4. dxe4 Nd7 5. Ngf3 Ngf6 6. e5 Ng4 7. Qe2 Bc5 8.
Ne4 Be7 9. Bf4 b6 10. O-O-O Bb7 11. Nfg5 Nh6 12. Nxe6 fxe6 13. Bxh6 gxh6 14.
Qh5+ Kf8 15. Qxh6+ Ke8 16. Nf6+ Bxf6 17. exf6 Qxf6 18. Qh5+ Ke7 19. f3 Rag8 20.
Bb5 Nc5 21. Kb1 Rg5 22. Qh3 Bc8 23. f4 Rf5 24. Qa3 a5 25. g3 Kf7 26. h3 Rd8 27.
Rde1 Rd6 28. Rhf1 Ba6 29. Bxa6 Nxa6 30. Qb3 Nc5 31. Qe3 Rd4 32. Qc3 Qd8 33. a3
Rfd5 34. g4 Ne4 35. Qe3 Rd1+ 36. Ka2 Rxe1 37. Rxe1 Nc5 38. b4 axb4 39. axb4
Qa8+ 40. Kb1 Qc6 41. bxc5 Rxc5 42. Qd3 Kg8 43. Qd8+ Kg7 44. Rd1 Qb5+ 45. Kc1
Rd5 46. Qxc7+ Kf6 47. Rxd5 Qxd5 48. Qxb6 Qh1+ 49. Kb2 Qxh3 50. Qd4+ Ke7 51. g5
Qf5 52. c4 Qa5 53. Qg7+ Kd6 54. Qd4+ Kc6 55. Kb3 Qc7 56. Qe5 Qb6+ 57. Kc3 Kb7
58. Qb5 Kc7 59. Qxb6+ Kxb6 60. Kd4 Kc6 61. Ke5 Kd7 62. c5 Ke7 63. c6 Kd8 64.
Kxe6 Kc7 65. f5 Kxc6 66. f6 1-0

[Event "N1F_Ouest_2022"]
[Site "Bordeaux"]
[Date "2022.05.01"]
[Round "3.8"]
[White "Gros, Rachel"]
[Black "Bourrieres, Amelie"]
[Result "1-0"]
[WhiteElo "1544"]
[BlackElo "1199"]
[Annotator "Jean-Luc"]
[PlyCount "95"]
[EventDate "2022.??.??"]
[WhiteTeam "Poitiers-Migne Echecs"]
[BlackTeam "USAM Echiquier Brestois"]

1. e4 e5 2. Nf3 Nc6 3. Bc4 h6 4. c3 Nf6 5. d3 d6 6. O-O Be7 7. Re1 O-O 8. Nbd2
a6 9. Bb3 b5 10. Nf1 Bb7 11. Ng3 Ng4 12. h3 Bh4 13. Nxh4 Qxh4 14. Qxg4 Qxg4 15.
hxg4 Na5 16. Bc2 f6 17. b4 Nc6 18. Bb3+ Kh8 19. Bd5 Nd8 20. Bxb7 Nxb7 21. Be3
Rfd8 22. Rad1 a5 23. Re2 axb4 24. cxb4 Ra4 25. Rc1 Rd7 26. Rec2 Rxb4 27. Rxc7
Rxc7 28. Rxc7 Na5 29. Bd2 Ra4 30. Bxa5 Rxa5 31. Rb7 g6 32. Kf1 Rxa2 33. Rxb5
Rd2 34. Rd5 Rd1+ 35. Ke2 Rg1 36. Kf3 Kg7 37. Rxd6 Kf7 38. d4 Rd1 39. dxe5 Rxd6
40. exd6 Ke8 41. Kf4 Kd7 42. e5 Ke6 43. exf6 g5+ 44. Ke4 Kxf6 45. Kd5 Kf7 46.
Kc6 Ke6 47. Kc7 Ke5 48. d7 1-0

[Event "N1F_Ouest_2022"]
[Site "Bordeaux"]
[Date "2022.05.01"]
[Round "3.9"]
[White "Harnett, Lea"]
[Black "Papuchon, Juliette"]
[Result "0-1"]
[WhiteElo "1199"]
[BlackElo "1020"]
[Annotator "Jean-Luc"]
[PlyCount "96"]
[EventDate "2022.??.??"]
[WhiteTeam "Echiquier Tourangeau"]
[BlackTeam "Union Saint Bruno-Bordeaux Echecs"]

1. d4 Nf6 2. g3 g6 3. Bg2 Bg7 4. e4 d6 5. c4 c5 6. Ne2 cxd4 7. Nxd4 O-O 8. O-O
Qb6 9. Nb3 Nc6 10. Be3 Qc7 11. Nc3 Ne5 12. c5 Rd8 13. Qe2 Be6 14. Qc2 d5 15.
Rad1 dxe4 16. Nxe4 Bf5 17. Nd4 Bxe4 18. Bxe4 Nxe4 19. Qxe4 e6 20. Nb5 Qa5 21.
a4 Nc6 22. b3 Rab8 23. Rc1 a6 24. Nd6 Qc7 25. Rfd1 Bf8 26. Bf4 Qe7 27. h4 e5
28. Bg5 f6 29. Qc4+ Kg7 30. Be3 Qc7 31. Ne4 Ne7 32. f4 Nf5 33. Bd2 Rd4 34. Qc2
Qc6 35. Re1 Rbd8 36. Rcd1 exf4 37. Bxf4 Rxd1 38. Rxd1 Rxd1+ 39. Qxd1 Qxe4 40.
Qd7+ Kg8 41. Qd1 Bxc5+ 42. Kh2 Qd4 43. Qf3 Qg1+ 44. Kh3 Ne3 45. Bxe3 Bxe3 46.
Qd5+ Kg7 47. Qd7+ Kh6 48. Qg4 Qh1# 0-1

[Event "N1F_Ouest_2022"]
[Site "Bordeaux"]
[Date "2022.05.01"]
[Round "3.10"]
[White "Le Coz, Marie Sarah"]
[Black "Tua, Alix"]
[Result "1-0"]
[WhiteElo "1526"]
[BlackElo "1199"]
[Annotator "Jean-Luc"]
[PlyCount "110"]
[EventDate "2022.??.??"]
[WhiteTeam "AGJA-Echiquier Aquitaine"]
[BlackTeam "Poitiers-Migne Echecs"]

1. d4 c6 2. Nf3 d5 3. g3 Nd7 4. Bg2 e6 5. O-O Ngf6 6. b3 Be7 7. Bb2 O-O 8. c4
Nb6 9. Nbd2 Bd7 10. c5 Nc8 11. Ne5 Qc7 12. b4 a5 13. a3 Na7 14. Qb3 Rab8 15.
Nd3 Be8 16. a4 Nd7 17. b5 b6 18. bxc6 Nxc6 19. Qc2 Bf6 20. cxb6 Nxb6 21. Ba3
Be7 22. Ne5 Qc8 23. Nxc6 Qxc6 24. Qxc6 Bxc6 25. Bxe7 Rfc8 26. Bd6 Rb7 27. Rab1
Nc4 28. Rxb7 Bxb7 29. Nxc4 Rxc4 30. Rb1 Bc8 31. Rb8 f6 32. Bc5 Kf7 33. Rxc8
Rc1+ 34. Bf1 e5 35. e3 Rd1 36. Kg2 Rc1 37. Bb5 Kg6 38. Be8+ Kf5 39. Bf7 Ke4 40.
Bg8 Kd3 41. Bxh7+ e4 42. Bg8 Ke2 43. Bxd5 Kd2 44. Bxe4 Rf1 45. Bf3 Ke1 46. Bb4+
axb4 47. Rc1+ Kd2 48. Rxf1 b3 49. d5 Kc2 50. Be4+ Kc3 51. d6 b2 52. d7 Kb3 53.
d8=Q Kxa4 54. Qb8 Ka3 55. Bc2 g5 1-0